Vévodkyně v přestrojení /

Hlavní autor: James, Eloisa, 1962-
Jazyk: Čeština
Vydáno: Ostrava : Domino, 2011
Vydání: Vyd. 1.
Témata:
Fyzický popis: 287 s. ; 21 cm
Knihy
Uloženo v:
LEADER 01175nam a2200361 a 4500
001 nkc20112237329
003 CZ PrNK
005 20111124091748.0
007 ta
008 111019s2011 xr g 000 f cze
015 |a cnb002237329 
020 |a 978-80-7303-665-2  |q (váz.) 
035 |a (OCoLC)768559491 
040 |a OLA001  |b cze 
041 1 |a cze  |h eng 
072 7 |a 821.111(73)-3  |x Americká próza  |2 Konspekt  |9 25 
080 |a 821.111(73)-31  |2 MRF 
080 |a (0:82-312.5)  |2 MRF 
100 1 |a James, Eloisa,  |d 1962-  |7 kv2009497006  |4 aut 
245 1 0 |a Vévodkyně v přestrojení /  |c Eloisa James ; [z anglického originálu ... přeložila Alena Horváthová] 
250 |a Vyd. 1. 
260 |a Ostrava :  |b Domino,  |c 2011 
300 |a 287 s. ;  |c 21 cm 
655 7 |a americké romány  |7 fd131796  |2 czenas 
655 7 |a milostné romány  |7 fd132840  |2 czenas 
655 9 |a American fiction  |2 eczenas 
655 9 |a love novels  |2 eczenas 
765 0 |t Duchess by night  |9 Česky 
910 2 |a BOA001  |b 2-1275.118 
990 |a BK 
995 |a 01 
991 |b 201111  |e b 
996 6 |b 2610492652  |c 2-1275.118  |l MZK  |r Sklad / do 1 hodiny  |n 3  |p p.v.  |w 001212083  |u 000010  |a 1  |e BOA001  |j MZK50  |s P